Missing Word: Song Titles in Lyrics VI Quiz Stats

 Plays Quiz Updated Jul 20, 2018

Challenge
Share
Tweet
Embed
Score 0/16 Timer 04:00
0 Plays Today
Lyric Song Title % Correct
If there's something strange in your neighborhood / Who you gonna call? ________.Ghostbusters
86.4%
And now it chills me to the bone / How do I get you ________?Alone
63.6%
I'm gonna swing from the ________, from the ________ / I'm gonna live like tomorrow doesn't exist.Chandelier
61.8%
________, ma belle / These are words that go together well / My ________.Michelle
58%
You better ________ (________!) / ________ about what you're trying to do to me.Think
57.8%
It goes like this, the fourth, the fifth, / The minor fall and the major lift / The baffled king composing ________.Hallelujah
56.4%
Look at the stars / Look how they shine for you / And everything you do / Yeah, they were all ________.Yellow
54.1%
I wanna reach out and grab ya / ________ ________.Abracadabra
43.1%
Lyric Song Title % Correct
I mean no disrespect / It's my right to be hellish / I still get ________.Jealous
41.2%
Have you any ________ you'd like to sell? / ________ of loneliness / Like a heartbeat / Drives you mad.Dreams
35%
Baby, I'm preying on you tonight / Hunt you down, eat you alive / Just like ________, _________.Animals
34.9%
_______ girl / Wherever you are / I'm all alone / And it's you that I want.Promiscuous
27.2%
Living in ruins of a palace within my dreams / And you know, we're on each other's ________.Team
26.1%
Live for the way that you cheer and scream for me / The ________, ________, ________.Applause
19.8%
You've got me feeling ________ / Deeper than I've ever dreamed of.Emotions
19.4%
Push the trigger and I pull the thread / I gotta take it on the ________.Otherside
16.5%

Today's Daily Dose

Missing Word
Hayao Miyazaki

Word Ladder
Florida

On This Day
December 13th II

You're not logged in!

Compare scores with friends on all Sporcle quizzes.
OR
Log In

You Might Also Like...

Show Comments

Extras

Top Quizzes Today


Score Distribution

Your Account Isn't Verified!

In order to create a playlist on Sporcle, you need to verify the email address you used during registration. Go to your Sporcle Settings to finish the process.

Report this User

Report this user for behavior that violates our Community Guidelines.

Details: